Vista normal
Vista MARC
- Personas con discapacidad
Entrada Materia
Número de registros utilizados en: 14
001 - NÚMERO DE CONTROL
- campo de control: 107
003 - IDENTIFICADOR DEL NÚMERO DE CONTROL
- campo de control: ES-MaFIAP
005 - FECHA Y HORA DE LA ÚLTIMA TRANSACCIÓN
- campo de control: 20220913135641.0
008 - DATOS DE LONGITUD FIJA
- campo de control de longitud fija: 220913|| aca||aabn | a|a d
040 ## - FUENTE DE LA CATALOGACIÓN
- Centro catalogador/agencia de origen: ES-MaFIAP
- Centro/agencia transcriptor: ES-MaFIAP
150 ## - ENCABEZAMIENTO--TÉRMINO DE MATERIA
- Término de materia o nombre geográfico como elemento de entrada: Personas con discapacidad
- Subdivisión general: Estatuto jurídico
- Subdivisión geográfica: España
670 ## - FUENTE DE DATOS ENCONTRADOS
- Cita de la fuente: Work cat.: (ES-MaFIAP)29: Los derechos humanos de las personas con discapacidad :





